000
00377nam a2200145Ia 4500
008
090122s9999 xx 000 0 und d
082
_b
4169
_a
891.463
100
_a
शिरवळकर
_b
सुहास
245
_a
संशय
600
_a
शिरवळकर
630
_a
संशय
700
_a
शिरवळकर
730
_a
संशय
942
_c
BOOK
999
_c
28247
_d
28247